[Event "IMSA Rapid Women 2019"]
[Site "Hengshui"]
[Date "2019.05.16"]
[Round "10.14"]
[White "Ushenina, Anna"]
[Black "Dzagnidze, Nana"]
[Result "0-1"]
[WhiteElo "2442"]
[BlackElo "2510"]
[Annotator "TA"]
[PlyCount "106"]
[EventDate "2019.05.14"]
[EventType "rapid"]
[EventCountry "CHN"]
[SourceTitle "playchess.com"]
[Source "ChessBase"]
[SourceQuality "1"]

{[%evp 17,106,0,21,14,29,0,0,0,0,-100,-54,-45,-53,-66,-41,-85,-77,-98,-111,-212,-124,-158,-108,-199,-127,-122,-114,-183,-175,-213,0,0,0,-200,-187,-310,-298,-299,-284,-232,-107,-128,-149,-127,-141,-106,-118,-256,-94,-106,-47,-216,-209,-226,-226,-226,-191,-211,-219,-211,-204,-204,-234,-293,-283,-637,-616,-1089,-1641,-1483,-1517,-1854,-3943,-1634,-1354,-2672,-506,-1164,-506,-29986,-29987,-29995,-29987,-29987,-29988,-29988,-29989,-29997,-29998,-29998,-29999]} 1. d4 Nf6 2. Nf3 e6 3. c4 d5 4. Nc3 c6 5. Qd3 b6 6. g3 Be7 7. Bg2 O-O 8. O-O Bb7 9. Rd1 Nbd7 10. Bf4 {E07: Closed Catalan: Main Line (5 Nf3 0-0 6 0-0 Nbd7)} a5 $146 ({Predecessor:} 10... dxc4 11. Qxc4 b5 12. Qb3 a5 13. Ne5 a4 14. Qc2 Nxe5 15. Bxe5 Nd5 {½-½ (43) Khismatullin,D (2642)-Lysyj,I (2673) Chita 2015}) 11. e4 Ba6 12. b3 {The position is equal.} b5 {[%cal Rb5c4]} 13. e5 (13. Ne5 $11 bxc4 14. bxc4 Nxe5 15. dxe5) 13... bxc4 14. Qc2 Ne8 15. h4 Nc7 16. Bg5 h6 17. Bxe7 Qxe7 18. g4 (18. Qd2 $17) 18... c5 (18... f6 $1 $19 19. exf6 Rxf6) 19. g5 h5 20. g6 (20. dxc5 $17 Nxc5 21. Nd4) 20... fxg6 (20... f6 $19 21. dxc5 Nxc5) 21. Qxg6 $17 Qf7 22. Qg5 (22. Qg3 $17) 22... cxd4 23. Rxd4 Nb5 $2 ({Black should try} 23... cxb3 $1 $19 {Hoping for ...Rab8.} 24. axb3 Rab8 25. Rxa5 Rxb3) 24. Nxb5 $11 Bxb5 25. Kh1 $2 (25. Qe3 $1 $11 {and White stays safe.} Qg6 26. Ng5) 25... Rac8 26. Rg1 (26. bxc4 $142 Bxc4 27. Rc1) 26... c3 27. Qe3 Qf5 28. Rc1 c2 (28... Nc5 $1 $19 {is more deadly. ...Nd3 is the strong threat.} 29. Rxc3 Ne4 {[%mdl 64] Discovered Attack} 30. Rxc8 Rxc8 31. Rxe4 Qxe4 32. Qxe4 dxe4) 29. Rd2 {[#] Strongly threatening Nd4.} Bf1 $1 {[%cal Rf1g2][%mdl 576] Deflection} 30. Bxf1 {And now Nd4 would win.} (30. Rxf1 c1=Q) 30... Qxf3+ 31. Qxf3 Rxf3 32. Kg2 (32. Rdxc2 $17 Rxc2 33. Rxc2) 32... Rfc3 $2 (32... Rcf8 $19 {and Black stays clearly on top.} 33. Rdxc2 Nxe5) 33. f4 $17 {[#]} Kf7 ({Black should play} 33... a4 $1 $17 {[%mdl 512]} 34. bxa4 Nb6) 34. Bd3 $2 {[#]} (34. Ba6 $15 R8c7 35. Be2) 34... Nc5 $1 $19 {[%cal Rc5d3]} 35. Rdxc2 Rxd3 36. Rxc5 {[%mdl 4096] Endgame KRR-KRR} Rd2+ 37. Kf3 Rxc5 38. Rxc5 Rxa2 {KR-KR} 39. f5 exf5 40. Kf4 Rf2+ 41. Kg5 $2 (41. Kg3 Rd2 42. Kf4) 41... Ke6 42. Rxa5 Kxe5 43. Kxh5 Rg2 44. b4 f4 45. b5 f3 46. Ra7 Kf6 (46... f2 $142 47. Rf7 Ke6) 47. Ra8 (47. Ra3 $142 Rg3 48. Ra2) 47... Kf7 (47... f2 $142 {( -> ...Kf7)} 48. Rf8+ Ke7) 48. Ra4 (48. b6 $19 Rb2 49. Ra3) 48... Kg8 {Black mates.} 49. b6 Kh7 {[%csl Gg2,Gh7][%cal Rg7g6]} 50. Rg4 {[#]} f2 $1 {[%mdl 512]} 51. Rxg2 f1=Q 52. Rg5 Qf3+ 53. Rg4 Qf5+ {Accuracy: White = 22%, Black = 46%.} 0-1

[Event "IMSA Rapid Women 2019"]
[Site "Hengshui"]
[Date "2019.05.16"]
[Round "10.15"]
[White "Khotenashvili, Bela"]
[Black "Lei, Tingjie"]
[Result "1/2-1/2"]
[WhiteElo "2476"]
[BlackElo "2507"]
[Annotator "TA"]
[PlyCount "182"]
[EventDate "2019.05.14"]
[EventType "rapid"]
[EventCountry "CHN"]
[SourceTitle "playchess.com"]
[Source "ChessBase"]
[SourceQuality "1"]

{[%evp 11,182,0,0,-16,-5,-16,-4,-25,-24,-19,8,0,0,0,25,0,-6,0,0,-4,9,0,0,0,8,0,0,0,6,0,17,20,15,14,27,16,31,15,217,80,83,56,67,55,78,64,97,91,153,150,165,154,158,45,44,43,39,37,45,37,46,41,49,43,38,45,95,85,87,81,130,123,126,128,107,45,51,31,110,0,0,0,0,0,0,0,0,0,0,0,0,0,0,0,0,0,0,0,0,0,0,0,0,0,0,0,0,0,0,0,8,0,8,0,8,8,8,0,0,0,6,8,8,8,8,8,122,122,122,122,122,96,127,127,196,127,196,196,196,196,196,8,8,9,27,42,45,60,129,0,0,0,0,0,0,0,0,0,0,0,0,0,0,0,0,0,0,0,0,0,0,0,0]} 1. Nf3 d5 2. g3 g6 3. Bg2 Bg7 4. d4 Nf6 5. c3 O-O 6. O-O b6 7. a4 {D02: 1 d4 d5 2 Nf3 sidelines, including 2...Nf6 3 g3 and 2...Nf6 3 Bf4} a5 (7... Bb7 8. a5 c5 9. Bf4 Nbd7 10. Ne5 Nxe5 11. Bxe5 e6 12. Nd2 Nd7 13. Bxg7 Kxg7 14. axb6 axb6 {½-½ (14) Artemiev,V (2709)-Cheparinov,I (2709) Skopje 2018}) 8. Nbd2 Bb7 9. Ne5 Nbd7 10. Nxd7 Nxd7 11. e4 dxe4 $146 ({Predecessor:} 11... c5 12. e5 e6 13. Re1 cxd4 14. cxd4 Qc8 {1-0 (41) Rajlich,I (2398)-Havanecz,B (2244) Budapest 2015}) 12. Nxe4 Rb8 13. Bg5 h6 14. Be3 e5 15. Qb3 Kh7 {...f5 is the strong threat.} 16. Rad1 {Threatening dxe5.} Qc8 17. dxe5 Nxe5 18. Bd4 Qf5 {Threatens to win with ...Nf3+.} 19. Bxe5 Bxe5 20. Rfe1 Bg7 21. Qc4 Qc8 22. Nd2 Ba6 23. Qf4 $36 {[%mdl 2048] White is more active.} g5 24. Qf3 f5 $2 {[#]} (24... Kg8 $11 {and Black is okay.}) 25. Nb3 (25. Qh5 $1 $18 {and the rest is easy.}) 25... Bb7 $16 26. Qd3 Bxg2 27. Kxg2 c5 28. Qd7 Qxd7 29. Rxd7 {Hoping for Ree7!} Rfd8 (29... Rbd8 $142 30. Ree7 Rxd7 31. Rxd7 f4) 30. Rc7 Re8 31. Rxe8 Rxe8 $18 {[%mdl 4096] Endgame KRB-KRN} 32. Kf1 (32. Nd2 $16) 32... Re4 $14 33. Rb7 Rxa4 34. Rxb6 Ra2 $1 {[%cal Ra2b2]} 35. Nxc5 a4 $1 36. Rb7 Kg6 37. Ne6 Bh8 38. Rb6 a3 39. bxa3 Rxa3 40. c4 Kf7 41. Nd8+ {[%mdl 64] [#] Discovered Attack} Ke7 42. Rxh6 Bf6 43. Nc6+ (43. Nb7 $16) 43... Kf7 44. Rh7+ $1 Bg7 (44... Ke6 $1 $14) 45. Ne5+ (45. Ne7 $16) 45... Kg8 $11 46. Rh5 Bxe5 47. Rxg5+ {[%mdl 64] Double Attack. KRB-KR} Kf7 48. Rxf5+ Ke6 49. Rf8 Rc3 50. Re8+ Kf5 51. Rf8+ Ke6 52. Rc8 Bd4 53. Re8+ Kf5 54. Rf8+ Ke5 55. Kg2 Rxc4 56. h4 Rc6 57. h5 Bc5 58. f4+ Ke6 59. Re8+ (59. Rd8 {feels hotter.} Ra6 60. Rd3 Bd6 61. Kf3 Ra5 62. Kg4) 59... Kf7 60. Re4 (60. Re5 {seems wilder.} Bd6 61. Rf5+ Ke6 62. Rg5 Kf7 63. Rg6) 60... Be7 61. Kf3 Bf6 62. Ra4 Rc5 63. g4 Kg7 64. Ke4 Bh4 65. Rd4 Ra5 66. Rc4 Rb5 67. Rc7+ Kh6 68. Rc6+ Kg7 (68... Kh7 $1 $11 {keeps the balance.}) 69. g5 $16 Bxg5 70. Rg6+ {[%mdl 64] Double Attack} ({Of course not} 70. fxg5 $6 Rxg5 71. Kf3 Rxh5 $11) 70... Kh7 71. Rxg5 {KR-KR} Rb4+ 72. Kf5 Kh6 (72... Rb2 $16 {was called for.} 73. Rg6 Rb1) 73. Rg8 (73. Kg4 $18) 73... Rb5+ (73... Rb2 $16 74. Rh8+ Kg7) 74. Kg4 $18 Rb1 {Strongly threatening ...Rg1+.} 75. Rg6+ Kh7 76. f5 $2 ({White should play} 76. Rc6 $18) 76... Rg1+ $11 77. Kf4 Rf1+ 78. Kg5 {aiming for Rd6.} Rg1+ 79. Kf6 Ra1 (79... Rb1 $14 80. Kg5 Rg1+ 81. Kf6 Ra1) 80. Rg7+ (80. Ke7 $16 Ra7+ 81. Kf6) 80... Kh6 {The position is equal.} 81. Rd7 {And now Ke7 would win.} Ra6+ 82. Ke7 Kg5 83. f6 Rxf6 84. Rd5+ Rf5 85. h6 Rxd5 {KR-KP} 86. h7 Re5+ 87. Kf7 Rf5+ 88. Kg7 Ra5 {( -> ...Ra7+)} 89. h8=Q {Qd8+ would kill now.} Ra7+ 90. Kg8 {White wants to mate with Qe5+.} Ra8+ 91. Kg7 Rxh8 {Accuracy: White = 55%, Black = 58%.} 1/2-1/2

[Event "IMSA Rapid Women 2019"]
[Site "Hengshui"]
[Date "2019.05.16"]
[Round "10.16"]
[White "Harika, Dronavalli"]
[Black "Koneru, Humpy"]
[Result "1/2-1/2"]
[WhiteElo "2492"]
[BlackElo "2553"]
[Annotator "TA"]
[PlyCount "86"]
[EventDate "2019.05.14"]
[EventType "rapid"]
[EventCountry "CHN"]
[SourceTitle "playchess.com"]
[Source "ChessBase"]
[SourceQuality "1"]

{[%evp 17,86,24,30,29,23,23,23,22,29,29,41,25,32,33,26,4,23,10,16,5,23,-20,-16,-14,-7,-62,-38,-38,-53,-44,-28,-33,-14,-20,0,0,10,10,10,10,10,10,10,10,5,9,10,3,3,3,3,3,3,3,3,0,0,0,0,0,0,0,0,0,0,0,0,0,0,0,0]} 1. e4 e5 2. Nf3 Nf6 3. Nxe5 d6 4. Nf3 Nxe4 5. d3 Nf6 6. d4 d5 7. Bd3 Bd6 8. Qe2+ Qe7 9. Qxe7+ Kxe7 10. O-O {C01: French: Exchange Variation} Re8 (10... h6 11. Re1+ Be6 12. Nh4 Kd8 13. Nf5 Bxf5 14. Bxf5 Nc6 15. c3 Re8 16. Rxe8+ Kxe8 17. Be3 Ne7 {½-½ (87) Delgado Ramirez,N (2613)-Cori Tello,J (2659) Montevideo 2018}) 11. Re1+ Kf8 12. Rxe8+ {White has an edge.} Kxe8 13. Nc3 c6 14. Bg5 Nbd7 $1 15. Re1+ Kf8 16. Ne5 h6 17. Bf4 {[#] Nxd7+ is the strong threat.} (17. Bd2 {is more complex.} Kg8 18. h3 h5 19. Kf1 Bc7 20. Bf4) 17... Be7 (17... Bb4 {seems wilder.} 18. a3 Be7 19. Nd1 Nxe5 20. Bxe5 Be6) 18. h3 (18. Nf3 {with more complications.} Nb6 19. Ne2 Nc4 20. Bc1 a5 21. c3) 18... Nxe5 19. dxe5 $146 (19. Bxe5 {keeps more tension.} Ne8 20. g4 Bd6 21. Kg2 Bd7 22. Nd1) ({Predecessor:} 19. Bxe5) 19... Nd7 20. g4 Nc5 21. Bf1 ({White should play} 21. Ne2 $11) 21... Ne6 22. Ne2 Nxf4 23. Nxf4 g5 24. Nh5 Be6 25. Bd3 {The position is equal.} d4 26. f4 gxf4 ({Don't go for} 26... Bxa2 $2 27. b3 $18) (26... Bb4 {is interesting.} 27. Rd1 Ba5 28. f5 Bd5 29. a3 c5) 27. Nxf4 Bg5 28. Nxe6+ fxe6 $11 {[%mdl 4096] Endgame KRB-KRB} 29. Rf1+ Ke7 30. Kg2 Rf8 31. Rxf8 Kxf8 {KB-KB} 32. Kf3 c5 33. a4 b6 34. Ke4 Ke7 35. Bc4 Bh4 36. b3 Bg3 37. Ba6 Kf7 38. Bc4 Ke7 39. Ba6 Kd7 40. Bc4 Ke7 41. Ba6 Kd7 42. Bc4 Ke7 43. Ba6 Kd7 {Accuracy: White = 74%, Black = 79%.} 1/2-1/2

[Event "IMSA Rapid Women 2019"]
[Site "Hengshui"]
[Date "2019.05.16"]
[Round "11.9"]
[White "Stefanova, Antoaneta"]
[Black "Kosteniuk, Alexandra"]
[Result "1/2-1/2"]
[WhiteElo "2470"]
[BlackElo "2546"]
[Annotator "ChessBase"]
[PlyCount "99"]
[EventDate "2019.05.14"]
[EventType "rapid"]
[EventCountry "CHN"]
[SourceTitle "playchess.com"]
[Source "ChessBase"]
[SourceQuality "1"]
[TimeControl "900+10"]

1. Nf3 {[%emt 0:00:00]} Nf6 {[%emt 0:00:00]} 2. g3 {[%emt 0:00:00]} b6 {[%emt 0:00:00]} 3. Bg2 {[%emt 0:00:04]} Bb7 {[%emt 0:00:00]} 4. O-O {[%emt 0:00:16]} e6 {[%emt 0:00:00]} 5. d3 {[%emt 0:00:44]} d5 {[%emt 0:00:05]} 6. Nbd2 {[%emt 0:00:53]} Be7 {[%emt 0:00:03]} 7. e4 {[%emt 0:00:07]} dxe4 {[%emt 0:00:20]} 8. Ng5 {[%emt 0:00:29]} O-O {[%emt 0:00:46]} 9. Ndxe4 {[%emt 0:01:49]} Nxe4 {[%emt 0:00:05]} 10. Nxe4 {[%emt 0:00:02]} Nc6 {[%emt 0:00:01]} 11. f4 {[%emt 0:00:22]} Rb8 {[%emt 0:00:15]} 12. Re1 {[%emt 0:02:01]} Nb4 {[%emt 0:00:23]} 13. Qe2 {[%emt 0:04:03]} Nd5 {[%emt 0:00:23]} 14. Bd2 {[%emt 0:00:14]} c5 {[%emt 0:00:36]} 15. a3 {[%emt 0:00:21]} Qd7 {[%emt 0:00:42]} 16. c4 {[%emt 0:00:08]} Nf6 {[%emt 0:00:46]} 17. Bc3 {[%emt 0:00:01]} Nxe4 {[%emt 0:00:06]} 18. dxe4 {[%emt 0:00:05]} Rfd8 {[%emt 0:00:03]} 19. Rad1 {[%emt 0:00:51]} Qa4 {[%emt 0:00:36]} 20. f5 {[%emt 0:00:50]} Rxd1 {[%emt 0:01:56]} 21. Rxd1 {[%emt 0:00:36]} exf5 {[%emt 0:00:16]} 22. exf5 {[%emt 0:00:01]} Bxg2 {[%emt 0:00:02]} 23. Kxg2 {[%emt 0:00:01]} Bf8 {[%emt 0:00:26]} 24. Rd2 {[%emt 0:01:02]} Re8 {[%emt 0:00:34]} 25. Qg4 {[%emt 0:00:10]} h5 {[%emt 0:01:31]} 26. Qf4 {[%emt 0:00:29]} Qc6+ {[%emt 0:00:01]} 27. Qf3 {[%emt 0:00:04]} Qh6 {[%emt 0:00:01]} 28. Re2 {[%emt 0:01:50]} Rxe2+ {[%emt 0:00:27]} 29. Qxe2 {[%emt 0:00:02]} Qc6+ {[%emt 0:00:37]} 30. Qf3 {[%emt 0:00:08]} Qa4 31. Qe2 {[%emt 0:00:28]} Qc6+ {[%emt 0:00:03]} 32. Kg1 {[%emt 0:00:06]} Qa4 {[%emt 0:00:39]} 33. Qd3 {[%emt 0:00:37]} a6 {[%emt 0:00:07]} 34. Kg2 {[%emt 0:00:08]} b5 {[%emt 0:00:10]} 35. cxb5 {[%emt 0:00:02]} axb5 {[%emt 0:00:01]} 36. Qe2 {[%emt 0:00:17]} b4 {[%emt 0:00:18]} 37. axb4 {[%emt 0:00:02]} cxb4 {[%emt 0:00:02]} 38. Bd4 {[%emt 0:00:21]} Qc6+ {[%emt 0:00:53]} 39. Qf3 {[%emt 0:00:12]} Qc2+ {[%emt 0:00:27]} 40. Kh3 {[%emt 0:00:03]} Qd2 {[%emt 0:00:14]} 41. Qe4 {[%emt 0:00:33]} Be7 {[%emt 0:00:58]} 42. Bxg7 {[%emt 0:00:42]} Kxg7 {[%emt 0:00:02]} 43. Qxe7 {[%emt 0:00:01]} Qxb2 {[%emt 0:00:02]} 44. Qg5+ {[%emt 0:00:06]} Kf8 {[%emt 0:00:25]} 45. f6 {[%emt 0:00:15]} Qb3 {[%emt 0:00:01]} 46. Qc5+ {[%emt 0:00:10]} Kg8 {[%emt 0:00:01]} 47. Qg5+ {[%emt 0:00:35]} Kf8 {[%emt 0:00:01]} 48. Qc5+ {[%emt 0:00:01]} Kg8 {[%emt 0:00:01]} 49. Qg5+ {[%emt 0:00:24]} Kf8 {[%emt 0:00:01]} 50. Qc5+ {[%emt 0:00:07]} 1/2-1/2

[Event "IMSA Rapid Women 2019"]
[Site "Hengshui"]
[Date "2019.05.16"]
[Round "11.10"]
[White "Tan, Zhongyi"]
[Black "Bodnaruk, Anastasia"]
[Result "1-0"]
[WhiteElo "2513"]
[BlackElo "2431"]
[Annotator "RC"]
[PlyCount "179"]
[EventDate "2019.05.14"]
[EventType "rapid"]
[EventCountry "CHN"]
[SourceTitle "playchess.com"]
[Source "ChessBase"]
[SourceQuality "1"]
[TimeControl "900+10"]

1. c4 {[%emt 0:00:00]} e5 {[%emt 0:00:00]} 2. Nc3 {[%emt 0:00:00]} d6 {[%emt 0:00:00]} 3. Nf3 {[%emt 0:00:12]} f5 {[%emt 0:00:04]} 4. g3 {[%emt 0:00:02]} g6 {[%emt 0:00:58]} 5. d4 {[%emt 0:00:15]} e4 {[%emt 0:00:06]} 6. Bg5 {[%emt 0:00:17]} Be7 {[%emt 0:00:53]} 7. Bxe7 {[%emt 0:00:03]} Qxe7 {[%emt 0:00:01]} 8. Nh4 {[%emt 0:00:22]} Nf6 {[%emt 0:00:24]} 9. Ng2 {[%emt 0:00:24]} Be6 {[%emt 0:00:26]} 10. e3 {[%emt 0:00:17]} Bf7 {[%emt 0:00:36]} 11. h4 {[%emt 0:00:03]} c6 {[%emt 0:00:38]} 12. Be2 {[%emt 0:01:03]} Nbd7 {[%emt 0:00:08]} 13. b3 {[%emt 0:00:23]} O-O {[%emt 0:00:23]} 14. Nf4 {[%emt 0:00:09]} h5 {[%emt 0:01:50]} 15. Qd2 {[%emt 0:00:11]} Kg7 {[%emt 0:00:57]} 16. Rb1 {[%emt 0:00:44]} Rfd8 {[%emt 0:00:33]} 17. Qc2 {[%emt 0:00:45]} Rac8 {[%emt 0:02:50]} 18. b4 {[%emt 0:00:07]} Nb6 {[%emt 0:00:31]} 19. Na4 {[%emt 0:00:18]} Nxa4 {[%emt 0:01:20]} 20. Qxa4 {[%emt 0:00:02]} b6 {[%emt 0:00:09]} 21. Kf1 {[%emt 0:01:20]} c5 {[%emt 0:00:21]} 22. bxc5 {[%emt 0:00:09]} dxc5 {[%emt 0:00:02]} 23. d5 {[%emt 0:00:06]} Rc7 {[%emt 0:01:23]} 24. Qc2 {[%emt 0:00:14]} Rd6 {[%emt 0:00:57]} 25. Qc3 {[%emt 0:00:14]} Rc8 {[%emt 0:00:31]} 26. Kg2 {[%emt 0:00:08]} Re8 {[%emt 0:00:06]} 27. Rb3 {[%emt 0:00:25]} Kh6 {[%emt 0:00:29]} 28. a4 {[%emt 0:00:02]} a5 {[%emt 0:00:23]} 29. Nh3 {[%emt 0:00:48]} Qe5 {[%emt 0:00:10]} 30. Ng5 {[%emt 0:00:16]} Qxc3 {[%emt 0:00:39]} 31. Rxc3 {[%emt 0:00:01]} Re7 {[%emt 0:00:19]} 32. Bd1 {[%emt 0:00:09]} Nd7 {[%emt 0:00:27]} 33. f3 {[%emt 0:01:05]} exf3+ {[%emt 0:00:11]} 34. Bxf3 {[%emt 0:00:02]} Nf6 {[%emt 0:00:49]} 35. Re1 {[%emt 0:00:14]} Be8 {[%emt 0:00:26]} 36. Ra3 {[%emt 0:00:13]} Bd7 {[%emt 0:00:18]} 37. e4 {[%emt 0:00:24]} fxe4 {[%emt 0:00:02]} 38. Bxe4 {[%emt 0:00:02]} Ng4 {[%emt 0:00:38]} 39. Rf3 {[%emt 0:03:17]} Kg7 {[%emt 0:00:01]} 40. Rf4 {[%emt 0:01:17]} Rf6 {[%emt 0:00:20]} 41. Rff1 {[%emt 0:02:25]} Bxa4 {[%emt 0:00:11]} 42. Ne6+ {[%emt 0:00:05]} Rfxe6 {[%emt 0:00:08]} 43. dxe6 {[%emt 0:00:04]} Rxe6 {[%emt 0:00:01]} 44. Kg1 {[%emt 0:00:13]} Bb3 {[%emt 0:00:14]} 45. Bd5 {[%emt 0:00:06]} Rxe1 {[%emt 0:00:09]} 46. Rxe1 {[%emt 0:00:01]} b5 {[%emt 0:00:23]} 47. Re7+ {[%emt 0:00:14]} Kf6 {[%emt 0:00:03]} 48. Re6+ {[%emt 0:00:10]} Kf5 {[%emt 0:00:08]} 49. Rc6 {[%emt 0:00:26]} bxc4 {[%emt 0:00:06]} 50. Rxc5 {[%emt 0:00:25]} Ne5 {[%emt 0:00:16]} 51. Rxa5 {[%emt 0:00:01]} Kf6 {[%emt 0:00:13]} 52. Kf2 {[%emt 0:00:10]} Bc2 {[%emt 0:00:13]} 53. Ke3 {[%emt 0:00:14]} Bd3 {[%emt 0:00:09]} 54. Kd4 {[%emt 0:00:16]} Ng4 {[%emt 0:00:14]} 55. Ra6+ {[%emt 0:00:16]} Kg7 {[%emt 0:00:05]} 56. Ra7+ {[%emt 0:00:04]} Kh6 {[%emt 0:00:09]} 57. Bxc4 {[%emt 0:00:15]} Bxc4 {[%emt 0:00:01]} 58. Kxc4 {[%emt 0:00:01]} Ne3+ {[%emt 0:00:10]} 59. Kc5 {[%emt 0:00:14]} Nf5 {[%emt 0:00:10]} 60. Ra3 {[%emt 0:00:01]} g5 {[%emt 0:00:23]} 61. Ra6+ {[%emt 0:00:23]} Kg7 {[%emt 0:00:01]} 62. hxg5 {[%emt 0:00:05]} Nxg3 {[%emt 0:00:02]} 63. Kd5 {[%emt 0:00:08]} Nf5 {[%emt 0:00:28]} 64. Ke5 {[%emt 0:00:05]} Ne3 {[%emt 0:00:04]} 65. Ke4 {[%emt 0:00:09]} Ng2 {[%emt 0:00:17]} 66. Kf3 {[%emt 0:00:10]} Nh4+ {[%emt 0:00:02]} 67. Kg3 {[%emt 0:00:07]} Ng6 {[%emt 0:00:09]} 68. Ra7+ {[%emt 0:00:01]} Kg8 {[%emt 0:00:11]} 69. Kf3 {[%emt 0:00:01]} Kf8 {[%emt 0:00:18]} 70. Ke4 {[%emt 0:00:29]} Ne7 {[%emt 0:00:04]} 71. Kf4 {[%emt 0:00:22]} Kf7 {[%emt 0:00:09]} 72. Rb7 {[%emt 0:00:13]} Ke6 {[%emt 0:00:04]} 73. Rb6+ {[%emt 0:00:02]} Kf7 {[%emt 0:00:01]} 74. Rh6 {[%emt 0:00:10]} Ng6+ {[%emt 0:00:14]} 75. Ke4 {[%emt 0:00:31]} Ne7 {[%emt 0:00:19]} 76. Rh7+ {[%emt 0:00:03]} Kf8 {[%emt 0:00:11]} 77. Rxh5 {[%emt 0:00:03]} Kg7 {[%emt 0:00:02]} 78. Rh6 {[%emt 0:00:06]} Ng6 {[%emt 0:00:03]} 79. Kf5 {[%emt 0:00:06]} Ne7+ {[%emt 0:00:01]} 80. Ke5 {[%emt 0:00:19]} Ng6+ {[%emt 0:00:01]} 81. Ke4 {[%emt 0:00:00]} Kf7 {[%emt 0:00:16]} 82. Rh7+ {[%emt 0:00:00]} Ke6 {[%emt 0:00:01]} 83. Ra7 {[%emt 0:00:01]} Ne7 {[%emt 0:00:01]} 84. Ra6+ {[%emt 0:00:02]} Kf7 {[%emt 0:00:01]} 85. Kf4 {[%emt 0:00:04]} Ng6+ {[%emt 0:00:17]} 86. Kg4 {[%emt 0:00:03]} Ne7 {[%emt 0:00:09]} 87. Kh5 {[%emt 0:00:02]} Kg8 {[%emt 0:00:08]} 88. Ra8+ {[%emt 0:00:04]} Kf7 {[%emt 0:00:01]} 89. Ra7 {[%emt 0:00:01]} Ke6 {[%emt 0:00:01]} 90. Rxe7+ {[%emt 0:00:07] Ke5} 1-0

[Event "IMSA Rapid Women 2019"]
[Site "Hengshui"]
[Date "2019.05.16"]
[Round "11.11"]
[White "Muzychuk, Mariya"]
[Black "Paehtz, Elisabeth"]
[Result "1/2-1/2"]
[WhiteElo "2563"]
[BlackElo "2470"]
[Annotator "ChessBase"]
[PlyCount "103"]
[EventDate "2019.05.14"]
[EventType "rapid"]
[EventCountry "CHN"]
[SourceTitle "playchess.com"]
[Source "ChessBase"]
[SourceQuality "1"]
[TimeControl "900+10"]

1. d4 {[%emt 0:00:00]} e6 {[%emt 0:00:00]} 2. c4 {[%emt 0:00:00]} b6 {[%emt 0:00:00]} 3. Nc3 {[%emt 0:00:09]} Bb4 {[%emt 0:00:00]} 4. Qb3 {[%emt 0:00:40]} c5 {[%emt 0:00:08]} 5. Nf3 {[%emt 0:00:47]} Nc6 {[%emt 0:00:21]} 6. a3 {[%emt 0:00:34]} Ba5 {[%emt 0:00:29]} 7. e3 {[%emt 0:00:23]} Nf6 {[%emt 0:00:13]} 8. d5 {[%emt 0:00:54]} Ne7 {[%emt 0:00:47]} 9. dxe6 {[%emt 0:01:01]} fxe6 {[%emt 0:00:02]} 10. Be2 {[%emt 0:00:05]} Bb7 {[%emt 0:01:26]} 11. O-O {[%emt 0:00:03]} O-O {[%emt 0:00:05]} 12. Rd1 {[%emt 0:00:15]} Bxc3 {[%emt 0:00:43]} 13. Qxc3 {[%emt 0:00:21]} Nf5 {[%emt 0:00:24]} 14. Ne5 {[%emt 0:01:26]} d6 {[%emt 0:00:45]} 15. Bf3 {[%emt 0:00:27]} Bxf3 {[%emt 0:00:28]} 16. Nxf3 {[%emt 0:00:01]} Qc8 {[%emt 0:01:53]} 17. Qd3 {[%emt 0:01:17]} e5 {[%emt 0:00:21]} 18. Ng5 {[%emt 0:01:03]} Qd7 {[%emt 0:01:02]} 19. b4 {[%emt 0:00:40]} h6 {[%emt 0:01:25]} 20. Ne4 {[%emt 0:00:02]} Nxe4 {[%emt 0:00:01]} 21. Qxe4 {[%emt 0:00:01]} Qa4 {[%emt 0:00:09]} 22. Bd2 {[%emt 0:01:05]} Rac8 {[%emt 0:01:09]} 23. Rdc1 {[%emt 0:00:57]} Qd7 {[%emt 0:01:02]} 24. Qd5+ {[%emt 0:00:34]} Kh8 {[%emt 0:00:34]} 25. Bc3 {[%emt 0:00:28]} Ne7 {[%emt 0:00:09]} 26. Qe4 {[%emt 0:00:14]} Qe6 {[%emt 0:00:38]} 27. b5 {[%emt 0:00:15]} Ng8 {[%emt 0:00:09]} 28. Rd1 {[%emt 0:00:38]} Nf6 {[%emt 0:00:03]} 29. Qd3 {[%emt 0:00:04]} Rcd8 {[%emt 0:00:05]} 30. e4 {[%emt 0:00:30]} Nh5 {[%emt 0:00:02]} 31. Bd2 {[%emt 0:00:11]} g5 {[%emt 0:00:11]} 32. a4 {[%emt 0:00:17]} Qf6 {[%emt 0:00:40]} 33. f3 {[%emt 0:00:09]} Ng7 {[%emt 0:00:07]} 34. a5 {[%emt 0:00:12]} Ne6 {[%emt 0:01:23]} 35. axb6 {[%emt 0:00:06]} axb6 {[%emt 0:00:01]} 36. Be3 {[%emt 0:00:54]} Nd4 {[%emt 0:00:11]} 37. Ra6 {[%emt 0:01:41]} Rb8 {[%emt 0:00:02]} 38. Rda1 {[%emt 0:00:22]} Rb7 {[%emt 0:00:26]} 39. Ra8 {[%emt 0:00:37]} Kg7 {[%emt 0:00:16]} 40. Rxf8 {[%emt 0:00:04]} Qxf8 {[%emt 0:00:02]} 41. h3 {[%emt 0:01:15]} Qf7 {[%emt 0:00:02]} 42. Bxd4 {[%emt 0:00:30]} exd4 {[%emt 0:00:34]} 43. Ra6 {[%emt 0:00:07]} Qf4 {[%emt 0:00:06]} 44. Qa3 {[%emt 0:00:20]} Kg6 {[%emt 0:00:48]} 45. Ra8 {[%emt 0:00:08]} Kh5 {[%emt 0:00:37]} 46. Rh8 {[%emt 0:00:22]} Qf6 {[%emt 0:00:33]} 47. Re8 {[%emt 0:00:21]} Qf7 {[%emt 0:00:11]} 48. Rd8 {[%emt 0:00:11]} Ra7 {[%emt 0:00:13]} 49. Qc1 {[%emt 0:00:02]} Rd7 {[%emt 0:01:00]} 50. Ra8 {[%emt 0:00:02]} Ra7 {[%emt 0:00:29]} 51. Rd8 {[%emt 0:00:01]} Rd7 {[%emt 0:00:02]} 52. Ra8 {[%emt 0:00:06]} 1/2-1/2